00448nam a2200193 a 4500001001300000003000900013005001700022008004100039020001000080082001500090100001500105245001400120260003200134300000900166500003500175505001000210650001900220700001500239nice12345678IN_TiNIC20260116011725.0050524s1967 lona grp 000 0 eng  ac10000a226.7bLEW aLewis, C S aMiracles. aLondonbFontana Booksc1967 a187p aincludes index and biblioraphy2 aIndex aBible-Miracles1 aLewis, C S